header

On demand operating environment (Record no. 107015)

MARC details
000 -LEADER
fixed length control field 01479nam a2200361Ia 4500
245 00 - TITLE STATEMENT
Title On demand operating environment
250 ## - EDITION STATEMENT
Edition statement 1st ed.
260 ## - PUBLICATION, DISTRIBUTION, ETC. (IMPRINT)
Place of publication [S.l.] :
Name of publisher IBM, International Technical Support Organization,
Year of publication c2004.
300 ## - PHYSICAL DESCRIPTION
Number of Pages xviii, 236 p. :
Other physical details ill.
490 1# - SERIES STATEMENT
Series statement IBM redbooks
500 ## - GENERAL NOTE
General note "April 2004."
650 #0 - SUBJECT ADDED ENTRY--TOPICAL TERM
Topical Term Management information systems.
Topical Term Information technology
Topical Term IBM software.
Topical Term Systems software.
856 40 - ELECTRONIC LOCATION AND ACCESS
Uniform Resource Identifier http://site.ebrary.com/lib/rucke/Doc?id=10112555

No items available.

© 2026 Rongo University
Contact us: librarian | system librarian | Rongo university